000 00395pab a2200157 454500
008 180718b1996 xxu||||| |||| 00| 0 eng d
100 _aMehta, Balraj
245 _aEconomics and politics of the union budget: full of contradictions
260 _c1996
300 _ap.8
362 _a1 Aug
650 _aBudget - India
650 _aState budget
773 _aDeccan Herald
909 _a33155
999 _c33155
_d33155